000 00521nam a2200181 i 4500
001 92419
003 ES-MaACL
005 20230906180951.0
007 t|
008 050307s1949 sp ||||1| spa d
100 1 _aLin, Yutang.
_972320
245 1 3 _aLa familia del barrio chino /
_cYutang Lin; traducción de León Mirlas.
250 _a[2ª ed.].
260 _aBarcelona :
_bEditorial Sudamericana,
_c[1949]
300 _a368 p. ;
_c19 cm.
700 1 _aMirlas, León.
_981594
852 _aES-MaACL
_jD-5517
_bR.30459
999 _c92419
_d92419